Представление документа в формате RUSMARC

ПолеНазваниеЗначение
  Тип записи a
  Библиографический уровень m
001 Контрольный номер 8ef831d39e3546bf81f9109e1236a3c3
005 Дата корректировки 20260408092304.5
010 Индекс ISBN __
a ISBN 978-5-04-209845-1
9 Тираж 2000 экз.
100 Данные общей обработки __
a Данные общей обработки 20260407d2025 e y0rusa028902 ca
101 Язык документа 0_
a Язык текста rus
102 Страна публикации __
a Страна публикации RU
105 Кодированные данные (монография) __
a Кодированные данные (монография) a z 000yy
181 Поле кодированных данных: вид содержания _0
a Код вида содержания (ISBD) i
182 Поле кодированных данных: тип средства _0
a Код типа средства (ISBD) n
200 Заглавие и сведения об ответственности 1_
a Заглавие Достали
e Сведения, относящиеся к заглавию инструкция по выживанию с родителями
f Первые сведения об ответственности Людмила Чиркова
g Последующие сведения об ответственности [иллюстрации В. О. Бортник]
203 Вид содержания и тип средства __
a Вид содержания Текст
c Тип средства непосредственный
210 Выходные данные 1_
a Место издания Москва
c Издательство Эксмо
c Издательство Бомбора
d Дата издания 2025
215 Физическое описание __
a Объем 270 с.
d Формат 21 см
c Иллюстрации/тип воспроизводства ил.
225 Серия 1_
a Серия Уже не маленький, еще не взрослый
i Наименование части Психология для подростков простыми словами
225 Серия 1_
a Серия Self-help для подростков
330 Аннотация __
a Аннотация Устали от постоянных родительских нотаций и запретов? Чувствуете, будто ваша жизнь превратилась в сплошной кошмар из-за бесконечных требований? Пора покончить с этим. В этой яркой, увлекательной и забавной книге Людмила Чиркова, журналист и мама троих детей (включая двух подростков), выдает весь арсенал знаний и хитростей, чтобы помочь вам понять своих родителей. Она знает, каково это — быть подростком, ведь и сама когда-то прошла через этот этап! Вместе вы разберете, почему родители такие, какие они есть, и, главное — как научиться взаимодействовать с ними, не теряя себя.
333 Примечание о целевом назначении __
a Примечание о целевом назначении 16+. Для детей старше 16 лет
540 Дополнительное заглавие, сделанное каталогизатором 10
a Дополнительное заглавие, сделанное каталогизатором Инструкция по выживанию с родителями
606 Тематические рубрики __
2 Код системы nlr_sh
a Основная рубрика Психология
606 Тематические рубрики __
2 Код системы nlr_sh
a Основная рубрика Социальная психология
610 Ключевые слова 0_
a Ключевые слова детская литература
610 Ключевые слова 0_
a Ключевые слова подростковая литература
610 Ключевые слова 0_
a Ключевые слова психология
610 Ключевые слова 0_
a Ключевые слова психология для подростков
610 Ключевые слова 0_
a Ключевые слова личные границы
610 Ключевые слова 0_
a Ключевые слова личное пространство
610 Ключевые слова 0_
a Ключевые слова саморазвитие
610 Ключевые слова 0_
a Ключевые слова отношения в семье
610 Ключевые слова 0_
a Ключевые слова отношения с родителями
610 Ключевые слова 0_
a Ключевые слова общение в семье
686 Индексы других классификаций __
a Классификационный индекс 88.576.5; ст88.50
2 Код системы rubbks
700 Автор _1
a Фамилия Чиркова
b Имя Л. М.
g Полное личное имя Людмила Михайловна
4 Код отношения 070
702 Вторичная интеллектуальная ответственность _1
a Фамилия Бортник
b Имя В. О.
4 Код отношения 440
801 Источник записи _0
a Страна RU
b Организация Муниципальное бюджетное учреждение культуры "Централизованная библиотечная система" г. Сургут (Центральная городская библиотека им. А. С. Пушкина)
c Дата составления 20260407
g Правила каталогизации PSBO
801 Источник записи _1
a Страна RU
b Организация Муниципальное бюджетное учреждение культуры "Централизованная библиотечная система" г. Сургут (Центральная городская библиотека им. А. С. Пушкина)
c Дата составления 20260407
g Правила каталогизации PSBO
852 Данные о местонахождении __
i Авторский знак Ч-65
j Шифр хранения 88.576.5
901 Тип документа __
a Ответственный КиК/Обаева
t Тип документа m
901 Тип документа __
a Ответственный без партии
903 Характеристики (МАРС) __
a Дата передачи 20260407
c Наименование библиотеки (МАРС) Муниципальное бюджетное учреждение культуры "Централизованная библиотечная система" г. Сургут (Центральная городская библиотека им. А. С. Пушкина)
969 Тип издания __
a Тип издания издание для детей
a Тип издания издание для подростков